header

Bilingual education in China (Record no. 233799)

MARC details
000 -LEADER
fixed length control field 01535nam a2200385Ia 4500
082 04 - DEWEY DECIMAL CLASSIFICATION NUMBER
Classification number 370.1170951
245 00 - TITLE STATEMENT
Title Bilingual education in China
260 ## - PUBLICATION, DISTRIBUTION, ETC. (IMPRINT)
Place of publication Clevedon :
Name of publisher Multilingual Matters,
Year of publication 2007.
300 ## - PHYSICAL DESCRIPTION
Number of Pages xiv, 288 p. :
Other physical details ill.
490 1# - SERIES STATEMENT
Series statement Bilingual education and bilingualism ;
650 #0 - SUBJECT ADDED ENTRY--TOPICAL TERM
Topical Term Education, Bilingual
Topical Term Bilingualism
700 1# - ADDED ENTRY--PERSONAL NAME
Personal name Feng, Anwei,
856 40 - ELECTRONIC LOCATION AND ACCESS
Uniform Resource Identifier http://site.ebrary.com/lib/rucke/Doc?id=10189007

No items available.

© 2026 Rongo University
Contact us: librarian | system librarian | Rongo university